Marketing: Its role in increasing productivity (Record no. 19741)

MARC details
000 -LEADER
fixed length control field 00277nam a2200109Ia 4500
082 ## - DEWEY DECIMAL CLASSIFICATION NUMBER
Classification number 339.138
Item number ABB
100 ## - MAIN ENTRY--AUTHOR NAME
Personal name Abbot, J C
245 #0 - TITLE STATEMENT
Title Marketing: Its role in increasing productivity
260 ## - PUBLICATION, DISTRIBUTION, ETC. (IMPRINT)
Place of publication UNO
Name of publisher FAO
Year of publication 1962
942 ## - ADDED ENTRY ELEMENTS (KOHA)
Koha item type Books
Holdings
Withdrawn status Lost status Damaged status Not for loan Home library Current library Date acquired Cost, normal purchase price Full call number Accession Number Koha item type
        RRII Library RRII Library 16/12/2021 6.00 339.138 ABB 00473 Books